01373 a2200193 45000010006000000050017000060080041000230030015000640400040000790800037001192450069001560200018002252500012002432640029002553000019002845050837003030410008011401000031011485420620260407155812.0260407a1981 arg spa dAR-UNSa-BCEJYS aAR-UNSa-BCEJYSbspacAR-UNSa-BCEJYS a336.741.28xTeorías monetarias10aLa teoría monetaria modernapde Keynes a la década de los 80 a84 344 6065 3 a2a. ed. 1aBarcelona :bArielc1981 a453 p.c20 cm. aPrimera Parte: LOS ANTECEDENTES DE LA TEORIA MONETARIA MODERNA: 1. La teoría cuantitativa – 2. Las aportaciones Keynesianas - - Segunda Parte: LA TEORIA MONETARIA ACTUAL: 3. La función de demanda de dinero – 4. La definición de dinero – 5. Relaciones entre demanda de dinero y las variables que la determinan – 6. Estabilidad y comportamiento de la velocidad-renta – 7. La influencia de las variables monetarias sobre la renta y los precios (I): El sentido de casualidad – 8. La influencia de las variables monetarias sobre la renta y los precios (II): El proceso de ajuste – 9. Conclusiones: El estado de la Teoría Monetaria alrededor de 1970 - - Tercera Parte: LA EVOLUCION MONETARIA EN LA DECADA DE LOS 70: 10. El impulso monetario – 11. El mecanismo de transmisión – 12. Las expectativas racionales.  aspa1 aArgandoña Ramiz, Antonio